| 000 | 00867nam0a22002531 4500 | ||
|---|---|---|---|
| 001 | rc\80095 | ||
| 005 | 20250620172921.0 | ||
| 010 |
_a5-256-01099-9 _950000 |
||
| 035 | _a(NLR Aleph) 005349986 | ||
| 090 |
_a6786283 _c6786283 |
||
| 100 | _a20021216d1992 |||y0rusy50 ca | ||
| 101 | 0 | _arus | |
| 102 | _aRU | ||
| 105 | _ay ||||||||| | ||
| 200 | 1 | _aСправочное руководство по работе на персональном компьютере | |
| 210 |
_aМ. _cРадио и связь _d1992 |
||
| 215 |
_a159 с. _d20 |
||
| 300 | _aЗагл. 2-го изд.: Руководство по работе на персональном компьютере | ||
| 700 | 1 |
_aШкаев _bА.В. _gАлександр Владимирович |
|
| 801 | 0 |
_aRU _bNLR _gpsbo |
|
| 801 | 1 |
_aRU _bELAR _2rusmarc |
|
| 852 |
_aNLR _j92-3/4256 |
||
| 942 | _cBOOK | ||
| 980 | _aNB | ||